00682 2200229 4500001002100000005001700021008004100038020001800079035002400097090001800121245011900139250001100258260003100269300001800300440003400318650002800352700001400380850001600394980001400410985000600424999002200430YOGYA-0209000004615920090227031113.0 ind  a979-21-1411-4 0010-020900000046159 a375bSillDEP aSILABUS. Sains, pengetahuan sosial, matematika, bahasa Indonesia untuk kelas 2 Sekolah DasarcSumartono...[et al.] aCet. 1 aYogyakartabKanisiusc2007 a98 hlmc21 cm aKurikulum berbasis kompetensi aPendidikan - kukrikulum aSumartono aYOPDYOG (M) a28-6-2007 a1 aCB-D.11 2007-121h